000 00678nam a2200217Ia 4500
003 GCL
008 140319s9999 xx 000 0 ara d
040 _aGCL /
_cGCL
082 0 4 _a194
_bد د
100 1 _aديكارت
245 1 0 _aديكارت مبادىء الفلسفة /
_cديكارت
700 1 _aعثمان امين (مترجم)
260 _a[S.N] :
_bدار الثقافة للنشر والتوزيع ،
_c1993
300 _a116 ص
490 _aسلسلة النصوص الفلسفية
_v0
650 0 4 _aالفلسفة
650 0 4 _aالفلسفة الغربية
650 0 4 _aديكارت
650 0 4 _aالفلسفة الفرنسية
942 _2ddc
_cBK
999 _c31278
_d31278